| 000 -LEADER |
| fixed length control field |
00474nam a22001577a 4500 |
| 005 - DATE AND TIME OF LATEST TRANSACTION |
| control field |
20231107115308.0 |
| 008 - FIXED-LENGTH DATA ELEMENTS--GENERAL INFORMATION |
| fixed length control field |
231107b ||||| |||| 00| 0 eng d |
| 020 ## - INTERNATIONAL STANDARD BOOK NUMBER |
| International Standard Book Number |
9787542269133 |
| 040 ## - CATALOGING SOURCE |
| Transcribing agency |
KH8 |
| 082 ## - DEWEY DECIMAL CLASSIFICATION NUMBER |
| Classification number |
495.186 HON |
| 100 ## - MAIN ENTRY--PERSONAL NAME |
| Personal name |
HONG CHUANG TU SHU |
| Relator term |
Author |
| 245 ## - TITLE STATEMENT |
| Title |
The first grade of the first volume of Chinese synchronous exercises(Chinese Edition) |
| Statement of responsibility, etc. |
HONG CHUANG TU SHU |
| 260 ## - PUBLICATION, DISTRIBUTION, ETC. |
| Place of publication, distribution, etc. |
Gansu Children's Publishing House |
| 300 ## - PHYSICAL DESCRIPTION |
| Extent |
pages |
| 942 ## - ADDED ENTRY ELEMENTS (KOHA) |
| Source of classification or shelving scheme |
|
| Koha item type |
Teaching Resources |